Come to class with Adibah SPM Bahasa

Bibliographic Details
Main Author: Adibah Amin (Author)
Format: Book
Language:English
Published: Selangor : Star Publications (Malaysia) Bhd 1997
Subjects:

MARC

LEADER 00000cam a2200000 7i4500
001 0000012899
005 20241021.0
008 030922 my a eng
020 |a 9839950746 (pbk) 
040 |a INS   |b eng   |e rda 
090 0 0 |a PL5074   |b .A235 1997 
100 1 |a Adibah Amin ,   |e author 
245 1 0 |a Come to class with Adibah SPM Bahasa   |c Adibah Amin 
264 1 |a Selangor :   |b Star Publications (Malaysia) Bhd   |c 1997 
300 |a 151 pages :   |b illustrations ;   |c 21 cm. 
336 |a text  |2 rdacontent 
337 |a unmediated  |2 rdamedia 
338 |a volume  |2 rdacarrier 
650 0 |a Malay language   |x errors of usage 
650 0 |a Malay language   |x Grammar 
999 |a 0000007392   |b BOOK   |c Open Shelf   |e Default branch